01039 2200313 4500001002100000005001500021035002000036007000300056008004100059020002200100082001400122084001600136100003900152245015500191250003000346300005000376650001900426700003800445264004300483336002100526337003000547338002300577040002200600090002200622850001200644504002500656999002200681990002200703INLIS00000000088674720240527013751 a0010-0524000578ta240522s2023 yoia g ind d a978-623-190-161-304223a591.3 a591.3 HER p0 aHerry Maurits SumampouwePengarang10aPerspektif genetika :bpenggunaan lalat buah lokal dalam pembelajaran biologi berbasis metakognitif /cHerry Maurits Sumampouw, Yermia Semuel Mokosuli aCetakan pertama, Mei 2023 aix, 128 halaman :bilustrasi, gambar ;c23 cm 4aGenetika hewan0 aYermia Semuel MokosuliePengarang31aSleman :bBintang Semesta Media,c2023 2rdacontentateks 2rdamediaatanpa perantara 2rdacarrieravolume aYOPDYOGbinderda aCB-D.11 2023-5125 aYOPDYOG aTermasuk bibliografi aCB-D.11/2023-5125 aCB-D.11/2023-5125